header

Winning secrets of online blackjack (Record no. 65938)

MARC details
000 -LEADER
fixed length control field 01046nam a2200277Ia 4500
100 1# - MAIN ENTRY--AUTHOR NAME
Personal name Karayanis, Catherine.
245 10 - TITLE STATEMENT
Title Winning secrets of online blackjack
260 ## - PUBLICATION, DISTRIBUTION, ETC. (IMPRINT)
Place of publication Boston :
Name of publisher Thompson Course Technology,
Year of publication c2005.
300 ## - PHYSICAL DESCRIPTION
Number of Pages xvi, 317 p. :
Other physical details ill.
500 ## - GENERAL NOTE
General note Includes index.
650 #0 - SUBJECT ADDED ENTRY--TOPICAL TERM
Topical Term Computer games.
Topical Term Blackjack (Game)
856 40 - ELECTRONIC LOCATION AND ACCESS
Uniform Resource Identifier http://site.ebrary.com/lib/rucke/Doc?id=10084470

No items available.

© 2026 Rongo University
Contact us: librarian | system librarian | Rongo university